000
00263nam a2200109Ia 4500
008
200302s9999 xx 000 0 und d
100
_a
Rudolf Finsterwalder ed.
245
_a
Form follows nature
260
_b
Birkhauser Verlag Gmbh
260
_c
2015
300
_a
501
999
_c
6237
_d
6237